[Event "Paris ch 2005"]
[Site "Paris FRA"]
[Date "2005.07.14"]
[Round "6.30"]
[White "Pira, Davoud"]
[Black "Greiff, Hakan"]
[Result "0-1"]
[WhiteElo "2385"]
[BlackElo "2244"]
[PlyCount "200"]
[EventDate "2005.07.09"]
[EventType "swiss"]
[EventRounds "9"]
[EventCountry "FRA"]
[Source "lmi"]
[SourceDate "2005.07.17"]

1. d4 d5 2. c4 e6 3. Nc3 Nf6 4. cxd5 exd5 5. Bg5 c6 6. e3 Be7 7. Bd3 Nbd7 8.
Qc2 O-O 9. Nge2 Re8 10. O-O Nf8 11. f3 Be6 12. Rad1 Ng6 13. e4 dxe4 14. fxe4
Ng4 15. Bxe7 Qxe7 16. Qc1 c5 17. d5 Bd7 18. h3 N4e5 19. a4 c4 20. Bc2 Qc5+ 21.
Kh1 a6 22. d6 Bc6 23. Ng3 Rac8 24. Nf5 b5 25. axb5 axb5 26. Nd5 Re6 27. b4 Qa7
28. Qg5 f6 29. Qg3 Bxd5 30. Rxd5 Qb6 31. Rfd1 Rd8 32. h4 Nf8 33. R1d2 g6 34.
Bd1 Kh8 35. Nh6 Rexd6 36. Bg4 Rxd5 37. exd5 Rd6 38. Qf4 Kg7 39. Bf3 Nd3 40.
Rxd3 cxd3 41. Ng4 h5 42. Ne3 Rd7 43. Qe4 d2 44. g4 hxg4 45. Nxg4 Qa7 46. Kg2
Qa2 47. Qe2 Qb2 48. h5 Qd4 49. Ne3 Kg8 50. Nf1 gxh5 51. Qxd2 Rg7+ 52. Kh3 Qe5
53. Qe2 Qf5+ 54. Kh2 Qf4+ 55. Kh1 Qxb4 56. Bg2 Qg4 57. Qd2 Qxg2+ 58. Qxg2 Rxg2
59. Kxg2 Kf7 60. Ne3 b4 61. Kg3 Ng6 62. d6 Ke6 63. Nc2 Kxd6 64. Nxb4 Ke5 65.
Nd3+ Ke4 66. Nf2+ Ke3 67. Nd1+ Kd2 68. Nf2 Ke2 69. Ne4 f5 70. Nc3+ Kd3 71. Nd5
Kd4 72. Nf6 h4+ 73. Kf3 Ke5 74. Nh7 Ke6 75. Ng5+ Kf6 76. Nh7+ Ke6 77. Ng5+ Kd5
78. Nh3 Ke5 79. Ng5 Ne7 80. Nf7+ Kf6 81. Nd6 Ng6 82. Kg2 Ke5 83. Nf7+ Kf4 84.
Kh3 Ke3 85. Ng5 Kf2 86. Ne6 Kf3 87. Ng5+ Ke3 88. Nf7 f4 89. Nh6 f3 90. Nf5+ Ke4
91. Nd6+ Kd3 92. Nf5 Ke2 93. Nd4+ Ke3 94. Nf5+ Kd2 95. Nd4 Nf4+ 96. Kxh4 f2 97.
Nf3+ Ke2 98. Nh2 Ng6+ 99. Kg3 Ne5 100. Kg2 Nf3 0-1

[Event "Paris ch 2005"]
[Site "Paris FRA"]
[Date "2005.07.14"]
[Round "6.31"]
[White "Morelle, Ludovic"]
[Black "Le Quang, Kim"]
[Result "1/2-1/2"]
[WhiteElo "2232"]
[BlackElo "2330"]
[PlyCount "105"]
[EventDate "2005.07.09"]
[EventType "swiss"]
[EventRounds "9"]
[EventCountry "FRA"]
[Source "lmi"]
[SourceDate "2005.07.17"]

1. e4 c5 2. c3 Nf6 3. e5 Nd5 4. Nf3 e6 5. d4 cxd4 6. cxd4 d6 7. Nc3 Nxc3 8.
bxc3 Qc7 9. Bd2 Nd7 10. exd6 Bxd6 11. Bd3 b6 12. c4 Bb7 13. Rc1 O-O 14. O-O Bf4
15. Bxf4 Qxf4 16. Qd2 Qxd2 17. Nxd2 Rac8 18. Rfd1 Rfd8 19. Nf1 Nf6 20. Ne3 Kf8
21. Bb1 Rd7 22. Rd2 g6 23. a3 Rcd8 24. Rcd1 Be4 25. Bc2 Bxc2 26. Nxc2 Ne4 27.
Rd3 Nc5 28. Rh3 h5 29. f4 Nb7 30. Rc3 Nd6 31. Kf1 Nf5 32. a4 Ke7 33. Rcd3 Rc8
34. Na3 Nd6 35. Rc1 Nb7 36. Ke2 Na5 37. Ke3 Nc6 38. Rb1 Rcd8 39. Nc2 Na5 40.
Na3 Nc6 41. Nc2 Kf6 42. Ke4 h4 43. Rbd1 Na5 44. Ne3 Kg7 45. Kf3 Nb7 46. Ke2 Rh8
47. Kf3 Rh5 48. Ra3 Ra5 49. Rdd3 Nd6 50. Kg4 Ne4 51. Kf3 f5 52. Ng4 Rc7 53. Ne5
1/2-1/2

[Event "Paris ch 2005"]
[Site "Paris FRA"]
[Date "2005.07.14"]
[Round "6.32"]
[White "Zozulia, Anna"]
[Black "Lepan, Marvin"]
[Result "1-0"]
[WhiteElo "2314"]
[BlackElo "2217"]
[PlyCount "75"]
[EventDate "2005.07.09"]
[EventType "swiss"]
[EventRounds "9"]
[EventCountry "FRA"]
[Source "lmi"]
[SourceDate "2005.07.17"]

1. e4 c5 2. Nf3 d6 3. d4 cxd4 4. Nxd4 Nf6 5. Nc3 a6 6. h3 e6 7. Bd3 Be7 8. O-O
Qc7 9. Be3 Nc6 10. f4 Bd7 11. Qf3 h6 12. Kh1 Rg8 13. Qf2 g5 14. fxg5 hxg5 15.
Nxc6 Bxc6 16. Bd4 e5 17. Bb6 Qd7 18. Nd5 Bxd5 19. exd5 Rg7 20. c4 Nh5 21. Qc2
g4 22. Bf5 Ng3+ 23. Kh2 Nxf5 24. Rxf5 gxh3 25. g3 Bg5 26. Raf1 f6 27. Qe4 Ke7
28. c5 Rag8 29. b4 Kf7 30. cxd6 Bf4 31. gxf4 Rg2+ 32. Kh1 Qb5 33. Rxf6+ Kxf6
34. Qxe5+ Kg6 35. Qe6+ Kh7 36. Qxh3+ Kg6 37. Kxg2 Qxd5+ 38. Kh2 1-0

[Event "Paris ch 2005"]
[Site "Paris FRA"]
[Date "2005.07.14"]
[Round "6.33"]
[White "Boukobza, Adrien"]
[Black "Becker, Martin"]
[Result "1-0"]
[WhiteElo "2164"]
[BlackElo "2310"]
[PlyCount "61"]
[EventDate "2005.07.09"]
[EventType "swiss"]
[EventRounds "9"]
[EventCountry "FRA"]
[Source "lmi"]
[SourceDate "2005.07.17"]

1. d4 d5 2. c4 e6 3. Nc3 c6 4. Nf3 dxc4 5. a4 Bb4 6. Bd2 a5 7. e3 b5 8. axb5
Bxc3 9. Bxc3 cxb5 10. b3 Bb7 11. bxc4 b4 12. Bb2 Nf6 13. Bd3 O-O 14. O-O Nbd7
15. Re1 Be4 16. Bc2 Qc7 17. Nd2 Bxc2 18. Qxc2 Ra6 19. c5 e5 20. Nc4 exd4 21.
exd4 Ng4 22. g3 Rh6 23. h4 f5 24. Qb3 Kh8 25. Nd6 Ndf6 26. Nxf5 Rh5 27. Nd6 Qd7
28. Qe6 Qc7 29. Qe7 Qxe7 30. Rxe7 Nxf2 31. Kxf2 1-0

[Event "Paris ch 2005"]
[Site "Paris FRA"]
[Date "2005.07.14"]
[Round "6.34"]
[White "Peyrat, Olivier"]
[Black "Romieux, Sebastien"]
[Result "0-1"]
[WhiteElo "2265"]
[BlackElo "2238"]
[PlyCount "50"]
[EventDate "2005.07.09"]
[EventType "swiss"]
[EventRounds "9"]
[EventCountry "FRA"]
[Source "lmi"]
[SourceDate "2005.07.17"]

1. c4 e5 2. g3 c6 3. d4 e4 4. Nc3 d5 5. Nh3 Bb4 6. Bg2 Nf6 7. Qb3 Qa5 8. cxd5
O-O 9. O-O cxd5 10. Bg5 Nbd7 11. Rac1 h6 12. Bd2 Nb6 13. a3 Bxc3 14. Bxc3 Qa6
15. Bb4 Re8 16. e3 Bd7 17. Qa2 g5 18. b3 Bg4 19. Kh1 Bf3 20. Ng1 g4 21. Bd6
Rac8 22. Bc7 Rxc7 23. Nxf3 Rxc1 24. Rxc1 exf3 25. Bf1 Qa5 0-1

[Event "Paris ch 2005"]
[Site "Paris FRA"]
[Date "2005.07.14"]
[Round "6.35"]
[White "Demarre, Jacques"]
[Black "Bakhmatov, Eduard"]
[Result "1-0"]
[WhiteElo "2221"]
[BlackElo "2373"]
[PlyCount "69"]
[EventDate "2005.07.09"]
[EventType "swiss"]
[EventRounds "9"]
[EventCountry "FRA"]
[Source "lmi"]
[SourceDate "2005.07.17"]

1. e4 g6 2. d4 Bg7 3. Nf3 d6 4. c3 Nf6 5. Bd3 O-O 6. O-O Nc6 7. b4 Bg4 8. h3
Bxf3 9. Qxf3 Nd7 10. Bb2 e5 11. b5 Ne7 12. Nd2 exd4 13. cxd4 c5 14. bxc6 Nxc6
15. Qe3 Nc5 16. Rab1 Nxd3 17. Qxd3 Qd7 18. d5 Ne5 19. Qb3 Qc7 20. Rfc1 Qb6 21.
Qc3 f6 22. Qa3 Qa6 23. Qxa6 bxa6 24. Bxe5 dxe5 25. Rc7 Rfc8 26. Rbb7 Rxc7 27.
Rxc7 Bf8 28. Nc4 Rb8 29. Kh2 Rb1 30. d6 Rd1 31. Rxa7 Rd4 32. d7 Be7 33. Ne3 Rd6
34. Nd5 Bd8 35. Ra8 1-0

[Event "Paris ch 2005"]
[Site "Paris FRA"]
[Date "2005.07.14"]
[Round "6.36"]
[White "Dudognon, Marc"]
[Black "Simon, Olivier"]
[Result "1/2-1/2"]
[WhiteElo "2227"]
[BlackElo "2315"]
[PlyCount "93"]
[EventDate "2005.07.09"]
[EventType "swiss"]
[EventRounds "9"]
[EventCountry "FRA"]
[Source "lmi"]
[SourceDate "2005.07.17"]

1. d4 Nf6 2. Nf3 g6 3. g3 Bg7 4. Bg2 d6 5. O-O O-O 6. c4 Nc6 7. Nc3 a6 8. b3
Rb8 9. Bb2 b5 10. cxb5 axb5 11. d5 Na7 12. Nd4 e5 13. Nc2 Bd7 14. Nb4 Nh5 15.
e4 Qe8 16. Bf3 Nf6 17. Qe2 h5 18. Rfc1 h4 19. Nd1 hxg3 20. hxg3 Rb7 21. Rc2 Qd8
22. Bc1 Ne8 23. Be3 Nc8 24. Nc6 Bxc6 25. Rxc6 f5 26. Rac1 Ne7 27. Ra6 Nf6 28.
Qc2 f4 29. gxf4 exf4 30. Bd4 Nd7 31. Bxg7 Kxg7 32. Qc3+ Ne5 33. Bg4 b4 34. Qd4
Rf6 35. f3 Ng8 36. Nf2 Nh6 37. Kf1 Qe8 38. Ra7 Qb5+ 39. Kg2 Nhxg4 40. fxg4 Rxa7
41. Qxa7 Qe2 42. g5 Rf7 43. Rxc7 Qh5 44. Rxf7+ Nxf7 45. Qd4+ Ne5 46. Qa7+ Nf7
47. Qd4+ 1/2-1/2

[Event "Paris ch 2005"]
[Site "Paris FRA"]
[Date "2005.07.14"]
[Round "6.37"]
[White "Schlawin, Marlon"]
[Black "Callet, Emmanuel"]
[Result "1/2-1/2"]
[WhiteElo "2302"]
[BlackElo "2223"]
[PlyCount "88"]
[EventDate "2005.07.09"]
[EventType "swiss"]
[EventRounds "9"]
[EventCountry "FRA"]
[Source "lmi"]
[SourceDate "2005.07.17"]

1. e4 d6 2. d4 Nf6 3. Nc3 g6 4. Nf3 Bg7 5. Be2 O-O 6. O-O Nbd7 7. e5 Ne8 8. Bf4
c5 9. Re1 cxd4 10. Qxd4 Nc7 11. Qe3 dxe5 12. Nxe5 Ne6 13. Bg3 Nxe5 14. Bxe5
Bxe5 15. Qxe5 Qd4 16. Bf3 Qxe5 17. Rxe5 Rd8 18. Bd5 Rb8 19. a4 Nc7 20. Bf3 Be6
21. Nb5 Nxb5 22. axb5 a6 23. b3 Rd2 24. Be4 axb5 25. Rxb5 Bd7 26. Rb6 f5 27.
Bd3 Bc6 28. Kf1 Rd8 29. g3 Kg7 30. Ke1 R8xd3 31. cxd3 Rxd3 32. Rd1 Rc3 33. Kd2
Rc5 34. b4 Rd5+ 35. Kc1 Re5 36. f4 Re2 37. Rd2 Re1+ 38. Kb2 Kf7 39. b5 Be4 40.
Kc3 h5 41. Rf2 Re3+ 42. Kd4 Rd3+ 43. Kc4 Rd1 44. Kc3 Rd3+ 1/2-1/2

[Event "Paris ch 2005"]
[Site "Paris FRA"]
[Date "2005.07.14"]
[Round "6.38"]
[White "Templier, Nicolas"]
[Black "Lamorelle, Julien"]
[Result "0-1"]
[WhiteElo "2290"]
[BlackElo "2202"]
[PlyCount "67"]
[EventDate "2005.07.09"]
[EventType "swiss"]
[EventRounds "9"]
[EventCountry "FRA"]
[Source "lmi"]
[SourceDate "2005.07.17"]

1. d4 Nf6 2. c4 g6 3. g3 Bg7 4. Bg2 O-O 5. Nf3 d6 6. O-O Nc6 7. Nc3 a6 8. Re1
Rb8 9. Rb1 Na5 10. Qa4 c6 11. c5 b5 12. cxb6 Qxb6 13. h3 Bd7 14. b4 Nc4 15. Qc2
a5 16. bxa5 Qxa5 17. Rxb8 Rxb8 18. e4 d5 19. Bf1 dxe4 20. Nxe4 Nxe4 21. Bxc4
Nd6 22. Rxe7 Bf5 23. Bd3 Qd5 24. Qd1 Bxh3 25. Ne1 Bf6 26. Re5 Bxe5 27. dxe5 Nc4
28. Qe2 Nxe5 29. Be4 Qc5 30. Bb2 Bg4 31. Qd2 Qb4 32. Qxb4 Rxb4 33. Bxe5 Rxe4
34. Bc3 0-1

[Event "Paris ch 2005"]
[Site "Paris FRA"]
[Date "2005.07.14"]
[Round "6.41"]
[White "Larrat, Philippe"]
[Black "Gonzalez Diaz, Julio"]
[Result "1/2-1/2"]
[WhiteElo "2195"]
[BlackElo "2237"]
[PlyCount "80"]
[EventDate "2005.07.09"]
[EventType "swiss"]
[EventRounds "9"]
[EventCountry "FRA"]
[Source "lmi"]
[SourceDate "2005.07.17"]

1. e4 d6 2. d4 g6 3. Nc3 Nf6 4. Bg5 Nbd7 5. f4 h6 6. Bh4 Nb6 7. Bd3 Bg7 8. Nf3
O-O 9. Ne2 c5 10. c3 cxd4 11. cxd4 d5 12. e5 Ne4 13. Qb1 f5 14. exf6 exf6 15.
O-O Bf5 16. Re1 Qd7 17. Bf2 g5 18. Ng3 Nxg3 19. Bxg3 Bxd3 20. Qxd3 Rfe8 21. Qg6
Qf7 22. Qxf7+ Kxf7 23. f5 Nc4 24. Rac1 Rxe1+ 25. Bxe1 Rc8 26. b3 Nd6 27. Rxc8
Nxc8 28. g4 Nd6 29. Bb4 Ne4 30. Nd2 Nxd2 31. Bxd2 Bf8 32. Kf1 Ke8 33. Ke2 Kd7
34. Kd3 Bd6 35. h3 Kc6 36. Ba5 b6 37. Be1 Kb5 38. a4+ Ka6 39. b4 b5 40. a5 Kb7
1/2-1/2

[Event "Paris ch 2005"]
[Site "Paris FRA"]
[Date "2005.07.14"]
[Round "6.42"]
[White "Broca, Alexandre"]
[Black "Tillet, Louis-Juan"]
[Result "0-1"]
[WhiteElo "2166"]
[BlackElo "2216"]
[PlyCount "104"]
[EventDate "2005.07.09"]
[EventType "swiss"]
[EventRounds "9"]
[EventCountry "FRA"]
[Source "lmi"]
[SourceDate "2005.07.17"]

1. c4 e6 2. g3 d5 3. Bg2 Nf6 4. cxd5 exd5 5. Nf3 c5 6. O-O Be7 7. d4 O-O 8. b3
Nc6 9. Bb2 Ne4 10. dxc5 Bxc5 11. Nc3 Nxc3 12. Bxc3 d4 13. Bb2 Re8 14. Rc1 Bb6
15. Qd2 Bg4 16. Rfd1 Qe7 17. h3 Bxf3 18. exf3 Qd6 19. f4 Rad8 20. a3 d3 21. Bf1
Nd4 22. Qxd3 Qd5 23. Qc3 Nf3+ 24. Kh1 Bd4 25. Rxd4 Qxd4 26. Bg2 Qxc3 27. Bxc3
Nd4 28. Bxd4 Rxd4 29. Bxb7 Rd3 30. Rb1 Rb8 31. Ba6 Rdxb3 32. Rxb3 Rxb3 33. a4
Kf8 34. Kg2 Ke7 35. h4 Rb4 36. Bb5 Rxb5 37. axb5 Kd6 38. Kf3 Kc5 39. f5 Kxb5
40. f6 gxf6 41. Kg4 a5 42. Kf5 a4 43. Kxf6 a3 44. Kxf7 a2 45. h5 a1=Q 46. f4
Qh1 47. g4 Qh4 48. f5 Qxg4 49. f6 Qxh5+ 50. Kf8 Qg6 51. f7 h5 52. Ke7 Qxf7+ 0-1

[Event "Paris ch 2005"]
[Site "Paris FRA"]
[Date "2005.07.14"]
[Round "6.43"]
[White "Vasilescu, Victor"]
[Black "Guerin, Francois"]
[Result "1-0"]
[WhiteElo "2208"]
[BlackElo "2171"]
[PlyCount "102"]
[EventDate "2005.07.09"]
[EventType "swiss"]
[EventRounds "9"]
[EventCountry "FRA"]
[Source "lmi"]
[SourceDate "2005.07.17"]

1. e4 c5 2. Nf3 d6 3. d4 cxd4 4. Nxd4 Nf6 5. Nc3 g6 6. Be3 Bg7 7. f3 O-O 8. Qd2
Nc6 9. Bc4 Bd7 10. O-O-O Rc8 11. Bb3 Ne5 12. Kb1 Nc4 13. Bxc4 Rxc4 14. g4 Qa5
15. Nb3 Qa6 16. Bh6 Bxh6 17. Qxh6 Rfc8 18. e5 dxe5 19. g5 Bf5 20. gxf6 exf6 21.
Rd2 b5 22. Rhd1 Qb6 23. Rd6 Qc7 24. Nxb5 Bxc2+ 25. Ka1 Qe7 26. Rd7 Qe8 27. R1d5
a5 28. Nc3 a4 29. Qd2 Kg7 30. Qxc2 axb3 31. Qxb3 Qe6 32. a3 Rh4 33. Qb7 Rf8 34.
Rd2 Qf5 35. Qd5 Qf4 36. Ka2 Rxh2 37. Rxh2 Qxh2 38. Ne4 Qh3 39. Nc5 Kg8 40. a4
h5 41. a5 Qf1 42. Rb7 Qe1 43. Nd7 Ra8 44. Nxf6+ Kh8 45. Rb5 Ra6 46. Qd8+ Kg7
47. Nd7 Qd1 48. Qf8+ Kh7 49. Qxf7+ Kh6 50. Qf8+ Kh7 51. Nf6+ Rxf6 1-0

[Event "Paris ch 2005"]
[Site "Paris FRA"]
[Date "2005.07.15"]
[Round "7.1"]
[White "Kogan, Artur"]
[Black "Gouliev, Namig"]
[Result "1-0"]
[WhiteElo "2580"]
[BlackElo "2555"]
[PlyCount "49"]
[EventDate "2005.07.09"]
[EventType "swiss"]
[EventRounds "9"]
[EventCountry "FRA"]
[Source "lmi"]
[SourceDate "2005.07.17"]

1. e4 c5 2. Nc3 d6 3. Nf3 Nf6 4. d4 cxd4 5. Nxd4 a6 6. Bc4 e6 7. Bb3 b5 8. Bg5
Nbd7 9. f4 Bb7 10. Qe2 Nc5 11. O-O-O h6 12. Bh4 g5 13. fxg5 Nfxe4 14. Nxe4 Bxe4
15. Bxe6 fxe6 16. Nxe6 Nxe6 17. Qxe4 Kd7 18. g6 Qe8 19. Rhf1 Nc7 20. Rf7+ Kc8
21. Qd4 Rg8 22. Qb6 Qxf7 23. gxf7 Rg7 24. Qc6 Rxf7 25. Re1 1-0

[Event "Paris ch 2005"]
[Site "Paris FRA"]
[Date "2005.07.15"]
[Round "7.2"]
[White "David, Alberto"]
[Black "Tregubov, Pavel V"]
[Result "1-0"]
[WhiteElo "2579"]
[BlackElo "2607"]
[PlyCount "135"]
[EventDate "2005.07.09"]
[EventType "swiss"]
[EventRounds "9"]
[EventCountry "FRA"]
[Source "lmi"]
[SourceDate "2005.07.17"]

1. d4 d5 2. c4 e6 3. Nf3 c6 4. Bg5 Be7 5. Bxe7 Qxe7 6. e3 Nf6 7. Nc3 O-O 8. Qc2
b6 9. cxd5 cxd5 10. a3 Bb7 11. Bd3 Nc6 12. O-O Rac8 13. Qa4 a6 14. Ne5 Nxe5 15.
dxe5 Nd7 16. Qd4 f6 17. Qh4 g6 18. exf6 Qxf6 19. Qxf6 Nxf6 20. Rac1 Kf7 21. h3
Ke7 22. f4 Nd7 23. Rfd1 d4 24. exd4 Rxf4 25. d5 Nc5 26. Bc2 a5 27. dxe6 Nxe6
28. Re1 Kf6 29. Bb3 Nd4 30. Bd5 Ba6 31. Rcd1 Nc2 32. Re6+ Kg7 33. Rxb6 Bc4 34.
Rb7+ Kh6 35. Bxc4 Rcxc4 36. Rdd7 Ne3 37. Rxh7+ Kg5 38. Rb5+ Rf5 39. Rxf5+ gxf5
40. Kf2 Nc2 41. Ra7 Rc5 42. Rg7+ Kf6 43. Rd7 Ke5 44. Rd3 Nd4 45. g3 Rc8 46. Ke3
Nc2+ 47. Kd2 Nd4 48. Re3+ Kf6 49. Nd5+ Kg5 50. Kd3 Nb3 51. Re5 Nc1+ 52. Kd4
Nb3+ 53. Kd3 Nc1+ 54. Ke3 Rc2 55. Kf3 Rxb2 56. g4 Rb3+ 57. Ne3 Rxa3 58. Rxf5+
Kg6 59. h4 Nb3 60. h5+ Kg7 61. Rd5 Ra1 62. g5 a4 63. Rd7+ Kg8 64. g6 Nc5 65.
Rd8+ Kg7 66. Nf5+ Kf6 67. Rf8+ Ke5 68. g7 1-0

[Event "Paris ch 2005"]
[Site "Paris FRA"]
[Date "2005.07.15"]
[Round "7.3"]
[White "Kazhgaleyev, Murtas"]
[Black "Kengis, Edvins"]
[Result "1-0"]
[WhiteElo "2619"]
[BlackElo "2534"]
[PlyCount "81"]
[EventDate "2005.07.09"]
[EventType "swiss"]
[EventRounds "9"]
[EventCountry "FRA"]
[Source "lmi"]
[SourceDate "2005.07.17"]

1. d4 d6 2. e4 Nf6 3. Nc3 g6 4. g3 Bg7 5. Bg2 O-O 6. Nge2 Nbd7 7. h3 c5 8. Be3
cxd4 9. Bxd4 Bh6 10. f4 e5 11. Be3 exf4 12. gxf4 Qe7 13. Qd2 Nc5 14. Ng3 Be6
15. O-O-O Rad8 16. Rhe1 Rfe8 17. Kb1 b6 18. Bd4 Bg7 19. Bf1 Bc8 20. Bb5 Rf8 21.
Nf5 gxf5 22. exf5 Ne6 23. fxe6 fxe6 24. Bc4 Kh8 25. a3 e5 26. fxe5 dxe5 27. Qh2
e4 28. Rg1 Bb7 29. Ne2 e3 30. Nf4 Rxd4 31. Rxd4 Ne4 32. Ne6 Nd2+ 33. Rxd2 exd2
34. Qxd2 Qh4 35. Nxf8 Qxc4 36. Qd8 Qg8 37. Ne6 Qxd8 38. Nxd8 Bd5 39. Rd1 Bg2
40. Nf7+ Kg8 41. Ng5 1-0

[Event "Paris ch 2005"]
[Site "Paris FRA"]
[Date "2005.07.15"]
[Round "7.4"]
[White "Malakhatko, Vadim"]
[Black "Sadvakasov, Darmen"]
[Result "1/2-1/2"]
[WhiteElo "2556"]
[BlackElo "2610"]
[PlyCount "167"]
[EventDate "2005.07.09"]
[EventType "swiss"]
[EventRounds "9"]
[EventCountry "FRA"]
[Source "lmi"]
[SourceDate "2005.07.17"]

1. d4 d5 2. Nf3 Nf6 3. c4 dxc4 4. e3 e6 5. Bxc4 c5 6. O-O a6 7. dxc5 Bxc5 8.
Qxd8+ Kxd8 9. Be2 Ke7 10. Nbd2 Nc6 11. b3 b5 12. Bb2 Bb7 13. Rfc1 Bb4 14. a3
Ba5 15. b4 Bb6 16. Nb3 Rac8 17. Nc5 Bxc5 18. Rxc5 Nb8 19. Rac1 Rxc5 20. Rxc5
Rc8 21. Rxc8 Bxc8 22. Nd2 Ne8 23. g4 f6 24. f4 Nd7 25. Kf2 Bb7 26. h4 g6 27.
Bd3 f5 28. gxf5 gxf5 29. e4 Nd6 30. e5 Ne8 31. Bd4 Kf7 32. Be2 Kg6 33. Nf1 Nc7
34. Ng3 Kf7 35. Bh5+ Ke7 36. Bd1 Nd5 37. Bf3 Ba8 38. Nh5 N5b6 39. Bd1 Nc4 40.
Nf6 h6 41. Nxd7 Kxd7 42. Bc5 Nxa3 43. Bf8 Ke8 44. Bxh6 Kf7 45. Ke3 Nc4+ 46. Kd4
Kg6 47. Bg5 Nb2 48. h5+ Kh7 49. Be2 Na4 50. Be7 Kg7 51. Bd1 Bc6 52. Bb3 Bd7 53.
Bg5 Kf7 54. Ke3 Kg7 55. Kf2 Nc3 56. Kg3 Ne2+ 57. Kh4 Nd4 58. Bf6+ Kh6 59. Bg5+
Kh7 60. Bd1 Nc6 61. Bf6 Nxb4 62. Bd8 Nc6 63. Bb6 a5 64. Kg5 a4 65. Bc5 Na5 66.
h6 Be8 67. Kf6 Kxh6 68. Kxe6 Kg6 69. Bc2 Bf7+ 70. Ke7 Bb3 71. Bd3 Bc4 72. Bc2
Nb3 73. Bxb3 axb3 74. Ba3 Kh5 75. Kf6 Kg4 76. Bc1 b4 77. e6 b2 78. Bxb2 Kxf4
79. e7 Bb5 80. Ke6 b3 81. Kd5 Ke3 82. Kc5 Be8 83. Kc4 f4 84. Ba3 1/2-1/2

[Event "Paris ch 2005"]
[Site "Paris FRA"]
[Date "2005.07.15"]
[Round "7.6"]
[White "Sher, Miron N"]
[Black "Fressinet, Laurent"]
[Result "1/2-1/2"]
[WhiteElo "2420"]
[BlackElo "2627"]
[PlyCount "78"]
[EventDate "2005.07.09"]
[EventType "swiss"]
[EventRounds "9"]
[EventCountry "FRA"]
[Source "lmi"]
[SourceDate "2005.07.17"]

1. c4 g6 2. d4 Bg7 3. Nf3 c5 4. d5 d6 5. e4 e6 6. Nc3 exd5 7. cxd5 a6 8. a4 Bg4
9. Be2 Bxf3 10. Bxf3 Nd7 11. O-O Ne7 12. g3 O-O 13. Bg2 Kh8 14. Kh1 c4 15. Be3
Ne5 16. Bd4 Nd3 17. Bxg7+ Kxg7 18. b3 Qa5 19. Qd2 Qc5 20. bxc4 Qxc4 21. Nd1
Rfc8 22. Nb2 Nxb2 23. Qxb2+ Qc3 24. Qxb7 Ng8 25. Qb6 Qf6 26. Ra2 h5 27. Qe3 h4
28. Rc1 Nh6 29. Bh3 Rxc1+ 30. Qxc1 Re8 31. Qc2 Qd4 32. f3 hxg3 33. hxg3 Rb8 34.
Kh2 Ng8 35. Qd2 Qe5 36. Qf4 Qe7 37. Qd2 Qe5 38. Qf4 Qe7 39. Qd2 Qe5 1/2-1/2

[Event "Paris ch 2005"]
[Site "Paris FRA"]
[Date "2005.07.15"]
[Round "7.7"]
[White "Landa, Konstantin"]
[Black "Sriram, Jha"]
[Result "1-0"]
[WhiteElo "2609"]
[BlackElo "2437"]
[PlyCount "107"]
[EventDate "2005.07.09"]
[EventType "swiss"]
[EventRounds "9"]
[EventCountry "FRA"]
[Source "lmi"]
[SourceDate "2005.07.17"]

1. e4 e5 2. Nf3 Nc6 3. Bb5 a6 4. Ba4 Nf6 5. O-O Be7 6. Re1 b5 7. Bb3 d6 8. c3
O-O 9. h3 Na5 10. Bc2 c5 11. d4 Qc7 12. Nbd2 cxd4 13. cxd4 Nc6 14. Nb3 a5 15.
Be3 a4 16. Nbd2 Bd7 17. Rc1 Qb7 18. Qe2 Rfe8 19. Bd3 Rab8 20. Red1 exd4 21.
Nxd4 Ne5 22. Bb1 Bd8 23. N4f3 Ng6 24. Qd3 Bc7 25. Bg5 Nh5 26. e5 Bd8 27. g4
Bxg5 28. gxh5 Bxd2 29. Rxd2 Nf8 30. exd6 Bc6 31. Nd4 Be4 32. Qg3 Bxb1 33. Rxb1
Qd5 34. h6 Ng6 35. Nf3 Qf5 36. Rbd1 gxh6 37. Rd5 Qf6 38. Nd4 Rb6 39. Nf5 Kh8
40. d7 Rd8 41. Kf1 Nf8 42. Qf4 Re6 43. Rxb5 Nxd7 44. Rbd5 Rg8 45. Rxd7 Re5 46.
R7d5 Qa6+ 47. R5d3 Qf6 48. Rf3 Qa6+ 49. Rdd3 Rge8 50. Nd6 Re1+ 51. Kg2 Rg8+ 52.
Kh2 Rg6 53. Nxf7+ Kg7 54. Ne5 1-0

[Event "Paris ch 2005"]
[Site "Paris FRA"]
[Date "2005.07.15"]
[Round "7.8"]
[White "Govciyan, Pavel"]
[Black "Shchekachev, Andrei"]
[Result "1/2-1/2"]
[WhiteElo "2328"]
[BlackElo "2570"]
[PlyCount "178"]
[EventDate "2005.07.09"]
[EventType "swiss"]
[EventRounds "9"]
[EventCountry "FRA"]
[Source "lmi"]
[SourceDate "2005.07.17"]

1. Nf3 Nf6 2. c4 b6 3. g3 c5 4. Bg2 Bb7 5. Nc3 g6 6. O-O Bg7 7. Re1 Ne4 8. Nxe4
Bxe4 9. d3 Bb7 10. d4 cxd4 11. Nxd4 Bxg2 12. Kxg2 Qc8 13. b3 d6 14. Bb2 Nd7 15.
Qd2 O-O 16. e4 a6 17. h4 Nf6 18. f3 h5 19. Rac1 Qb7 20. b4 Kh7 21. Rc2 Rfc8 22.
Nb3 Rd8 23. Qf2 Rac8 24. Ree2 Rc7 25. c5 dxc5 26. bxc5 bxc5 27. Nxc5 Qc8 28.
Bxf6 exf6 29. Nb3 Bf8 30. Rxc7 Qxc7 31. Rc2 Qe5 32. Qe2 Re8 33. Nd2 Bd6 34. f4
Qd4 35. Qxa6 Qe3 36. Nf3 Qxe4 37. Qc6 Qd3 38. Qxe8 Qxc2+ 39. Kf1 Qxa2 40. Qc6
Be7 41. Qb5 Kg7 42. Kg1 Qc2 43. Kf1 Qc1+ 44. Kg2 Qe3 45. Qf1 Bc5 46. Qe1 Qd3
47. Qd2 Qe4 48. Qd1 Bb6 49. Kf1 Qe3 50. Qe2 Qe6 51. Nh2 Qh3+ 52. Qg2 Qc8 53.
Qe2 Qc1+ 54. Kg2 Qg1+ 55. Kh3 Bf2 56. Qf3 Qe1 57. Kg2 Bb6 58. Nf1 Qc1 59. Qe2
Kf8 60. Kh2 Qc5 61. Qg2 Kg7 62. Nd2 Qc1 63. Nf3 Qe3 64. Qf1 Qe4 65. Nd2 Qc2 66.
Qg2 Qd1 67. Nf3 Be3 68. Qh1 Qd3 69. Qg2 Bb6 70. Ne1 Qe3 71. Nf3 Bc7 72. Kh1 Kf8
73. Qf1 Ke7 74. Kg2 Qe6 75. Qf2 Bb6 76. Qe1 Bc5 77. Qd2 Bd6 78. Qf2 Qd5 79.
Qe2+ Kd7 80. Qf2 Bc5 81. Qe2 Bd6 82. Qf2 Qe4 83. Qa7+ Ke6 84. Qf2 Qd3 85. Nd4+
Kd5 86. Nf3 Bc5 87. Qa2+ Ke4 88. Qa8+ Ke3 89. Qe8+ Qe4 1/2-1/2

[Event "Paris ch 2005"]
[Site "Paris FRA"]
[Date "2005.07.15"]
[Round "7.9"]
[White "Bagheri, Amir"]
[Black "Perez, Rodney"]
[Result "1-0"]
[WhiteElo "2537"]
[BlackElo "2442"]
[PlyCount "151"]
[EventDate "2005.07.09"]
[EventType "swiss"]
[EventRounds "9"]
[EventCountry "FRA"]
[Source "lmi"]
[SourceDate "2005.07.17"]

1. d4 d5 2. Nf3 Nf6 3. c4 c6 4. e3 a6 5. Nbd2 Bf5 6. Be2 h6 7. O-O e6 8. c5
Nbd7 9. b4 Ne4 10. Bb2 Be7 11. Nb3 Bg4 12. h3 Bxf3 13. Bxf3 O-O 14. Bxe4 dxe4
15. Nd2 Nf6 16. Qc2 Qd5 17. f3 exf3 18. Rxf3 Nh7 19. e4 Qh5 20. Raf1 Rad8 21.
Qc3 Ng5 22. d5 Nxf3+ 23. Nxf3 f6 24. d6 Bxd6 25. cxd6 Rxd6 26. Qc5 Qxc5+ 27.
bxc5 Rd3 28. Kf2 e5 29. Ke2 Rfd8 30. g4 R3d7 31. Bc3 Rd3 32. Bb2 R3d7 33. Rb1
Kf7 34. Bc3 Ke6 35. Ba5 Rh8 36. Nh4 g5 37. Nf3 h5 38. Be1 hxg4 39. hxg4 Rh1 40.
Rb3 Ke7 41. Rb2 Ke6 42. Bf2 Rc1 43. Nd2 Rc3 44. Be3 Rh7 45. Nf3 Rd7 46. Bf2 Rc4
47. Nd2 Ra4 48. Rc2 Rh7 49. Nc4 Rh1 50. a3 Rb1 51. Rc3 Ra1 52. Be1 Ke7 53. Rc2
Ke6 54. Bb4 Rg1 55. Kf3 Rf1+ 56. Rf2 Rb1 57. Rd2 Rb3+ 58. Kf2 Rbxa3 59. Nxa3
Rxb4 60. Ke3 b6 61. cxb6 Rxb6 62. Nc4 Rb1 63. Rd6+ Ke7 64. Rxc6 Rg1 65. Rxa6
Rg3+ 66. Ke2 Rxg4 67. Nd6 Rf4 68. Ke3 Rf1 69. Nf5+ Kf7 70. Ra7+ Kf8 71. Kd3 Rc1
72. Nh6 Ke8 73. Ra6 Rf1 74. Kc4 Ke7 75. Ra7+ Ke8 76. Kd5 1-0

[Event "Paris ch 2005"]
[Site "Paris FRA"]
[Date "2005.07.15"]
[Round "7.10"]
[White "Moradiabadi, Elshan"]
[Black "Nguyen, Chi-Minh"]
[Result "1-0"]
[WhiteElo "2485"]
[BlackElo "2371"]
[PlyCount "47"]
[EventDate "2005.07.09"]
[EventType "swiss"]
[EventRounds "9"]
[EventCountry "FRA"]
[Source "lmi"]
[SourceDate "2005.07.17"]

1. d4 e6 2. c4 Nf6 3. Nc3 Bb4 4. e3 b6 5. Nge2 Ne4 6. Qb3 c5 7. Ng3 Bxc3+ 8.
bxc3 Nf6 9. e4 d6 10. Be2 Nc6 11. Be3 Nd7 12. Qa4 Qc7 13. d5 Na5 14. dxe6 fxe6
15. Rd1 O-O 16. O-O Ne5 17. f4 Bd7 18. Qc2 Nexc4 19. Bc1 Qd8 20. e5 Qe8 21.
exd6 Ba4 22. Qe4 Bxd1 23. Rxd1 Kh8 24. d7 1-0